000 02264njm0a2200385 4500
001 RU\NLR\ONIZ\225163
005 20250708192937.0
035 _a(NLR Aleph) 011951916
035 _aRU\NLR\ONIZ\GALA\5000034335\20190301123028
071 0 0 _a222298-99
090 _a13283853
_c13283853
100 _a20190301f19001999|||y0rusy50 ca
102 _aRU
126 _aaduxdxu ux
_bxxx
127 _a000010
135 _ahonoannnanndn
200 1 _aКончилось счастье
_bЗвукозапись
_e(цыганск. романсъ)
_fН. Харито
_g[сл. В. Д. Шумский]
_gисполн.: Н. Г. Северский, арт. русск. оп-ты
210 _aРига
_cAmour Gramophone record
_d[19--]
215 _a1 грп.(10 мин): 78 об/мин, моно; 25 см, в конв.
423 0 _12001#$aУвядшие розы$eромансъ$f[П. И.] Чернецкий$gисполн.: Н. Г. Северский, арт. русск. оп-ты
_1686##$aЩ943.2-043.3(28)$vLBC/SL$2rubbk
_1700#1$9z01790$aЧернецкий$bЛ. И.$gЛев Исакович$f1875-1940$4230$7ca
_1702#1$9z02790$aСеверский (Прокофьев)$bН.Г.$gНиколай Георгиевич$f1870-1941$4590$4vbr$7ca
_1790#1$9z01700$aČerneckij$bL.$gLev$f1875-1940$4230$7ba
_1790#1$9z02702$aSeverskij$bN.$gNikolaj$f1870-1941$4590$4vbr$7ba
_tУвядшие розы
_aЧернецкий, Лев Исакович (1875-1940)
606 1 _aИсполнители песен и цыганских романсов
_xЗвукозапись
_yРоссия
_zнач. 20 в.
_2nlr_sh
686 _aЩ943.2-043.32(28)
_vLBC/SL
_2rubbk
700 1 _9z01790
_aХарито
_bН. И.
_cкомпозитор
_f1886-1918
_gНиколай Иванович
_4230
_7ca
702 1 _4570
_7ca
_8rus
_aСеверский
_bН. Г.
_f1875-1941
_gНиколай Георгиевич
_9247135
_3RU\NLR\AUTH\770247191
790 1 _9z01700
_aCharito
_bN.
_f1886-1918
_gNikolaj
_4230
_7ba
790 1 _9z02702
_aSeverskij
_bN.
_f1870-1941
_gNikolaj
_4590
_7ba
801 0 _aRU
_bNLR
_c20190301
_gPSBO
801 1 _aRU
_bNLR
_c20190301
_2rusmarc
801 2 _aRU
_bNLR
_c20190301
852 _aNLR
_bМг
_j2к/2172
_p7486
_t1
942 _cREC
980 _aONIZ
980 _aNB